Pays du monde et verbes (mort subite) - Statistiques

Statistiques générales
  • Ce quiz a été pris 76 fois
    73 depuis la dernière actualisation
  • Le résultat moyen est 8 sur 37
Answers on the Grid
Answers color-coded by a green-red scale on the quiz's grid according to % correct below.
Paraguay
Australie
Cameroun
Andorre
Timor-Oriental
Tuvalu
Papouasie - Nouvelle-Guinée
Arabie Saoudite
France
Etats-Unis
Érythrée
Jordanie
Bosnie-Herzégovine
Vatican
Syrie
Ukraine
République démocratique du Congo
Géorgie
Canada
Luxembourg
Monténégro
Eswatini
Sierra Leone
Mauritanie
Kiribati
Mongolie
Lituanie
Bahamas
Timor-Oriental
Honduras
Dominique
Autriche
Émirats arabes unis
Côte d'Ivoire
Allemagne
Chine
Cuba
Malte
Roumanie
Saint-Vincent-et-les-Grenadines
Bolivie
 
Statistiques - réponses
Réponse % Correct
Australie
62%
Paraguay
41%
Etats-Unis
38%
Cameroun
36%
Syrie
34%
Arabie Saoudite
33%
Mauritanie
29%
Autriche
28%
Bosnie-Herzégovine
28%
Jordanie
28%
Roumanie
28%
Vatican
28%
Papouasie - Nouvelle-Guinée
26%
Allemagne
24%
Tuvalu
24%
Lituanie
22%
République démocratique du Congo
22%
Timor-Oriental
22%
Côte d'Ivoire
21%
Émirats arabes unis
21%
Saint-Vincent-et-les-Grenadines
21%
Dominique
19%
Honduras
19%
Kiribati
19%
Monténégro
19%
Luxembourg
16%
Mongolie
16%
Canada
14%
France
14%
Malte
14%
Chine
12%
Sierra Leone
12%
Timor-Oriental
12%
Érythrée
10%
Ukraine
10%
Cuba
9%
Eswatini
9%
Aucun quiz correspondant
Distribution des résultats
% des personnes avec chaque résultat
Percentile par nombre de réponses
Votre historique - résultats
Vous n’avez pas pris ce quiz depuis la dernière actualisation